Géographie de l'Asie par lettre - P - Statistiques

Statistiques générales
  • Ce quiz a été pris 141 fois
  • Le résultat moyen est 9 sur 20
Statistiques - réponses
Indice Réponse % Correct
Pays dont le nom est un acronyme suivi du suffixe "-Stan" : "le pays" Le Pakistan
99%
Golfe entre l'Iran et l'Arabie Saoudite abritant d'immenses réserves de pétrole et de gaz Le golfe {Persique}
93%
Capitale de la Corée du Nord Pyongyang
93%
État observateur de l'ONU au statut particulier et faisant l'objet d'un conflit important au moyen orient La Palestine
81%
Capitale du Cambodge Phnom Penh
78%
Ancienne ville antique capitale des Nabatéens et actuellement en Jordanie Pétra
74%
Bâtiment emblématique de la ville de Kuala-Lumpur et plus haut du monde au tournant de l'an 2000 Les tours {Petronas}
61%
Ville touristique et station balnéaire du sud de la Thaïlande Phuket
57%
Sol gelé en permanence couvrant une grande partie du territoire sibérien Le Permafrost
48%
Langue parlée en Afghanistan dont elle est l'une des deux langues officielles avec le dari Le Pachto
39%
Terme désignant une tour à étages en Asie de l'est et qui abrite traditionnellement une relique bouddhiste Une Pagode
39%
Région historique très densément peuplée et partagée entre l'Inde et le Pakistan Le Pendjab
36%
Site archéologique du désert syrien fortement dégradé durant la guerre civile et la période de l'État Islamique Palmyre
33%
Grand volcan des Philippines ayant connu une éruption en 1991 qui a refroidi le climat global Le Pinatubo
27%
Ancienne capitale de l'empire Achéménide en actuel Iran, où se trouvait le palais de l'Apadana Persépolis
26%
Forteresse du XVIIe siècle et lieu de résidence des dalaï-lamas Le palais du {Potala}
11%
Massif montagneux d'Asie centrale principalement dans l'est du Tadjikistan Le Pamir
11%
Ville la plus peuplée de la péninsule du Kamtchatka nommée d'après Saint-Pierre et Saint-Paul {Petropavlovsk}-Kamtchatski
10%
Archipels d'îlots de la mer de Chine méridionale dont la souveraineté est contestée et faisant l'objet de tensions régionales Les îles {Paracels}
9%
Nom du détroit séparant le Tamli Nadu en Inde du nord du Sri Lanka Le détroit de {Palk}
6%
Aucun quiz correspondant
Distribution des résultats
% des personnes avec chaque résultat
Percentile par nombre de réponses
Votre historique - résultats
Vous n’avez pas pris ce quiz